00400nam a2200157 a 45000010005000000030009000050080041000140400028000550820015000831000022000982450026001202600038001463000014001844900031001986500013002295499CO-ViMGA141112s2004 ck r 000 u spa d aCO-ViMGAbspacCO-ViMGA04a633.1 Z1521 azanche, Cesare de10aSecaderos de cereales aMadrid : bMundi - Prensa, c1991 a96 p : il aAgroguías mundi - prensa14aCEREALES